000 00789nas a2200241 4500
001 BR9502141
003 BR-BrBNA
005 20231205093947.0
007 ta
008 230509b bl.|||p| |||| 00| 00por d
040 _aBR-BrBNA
_bpor
_cBiblioteca Nacional de Agricultura
041 _a(Pt)
072 _aL73
100 1 _aSantos, S.D.
100 1 _aLessa, B.A.D.
245 1 _aAvaliacao de ivermicetin a 0,4formulacao oral, na prevencao da miiase umbilical (Cochliomyia hominivora)em bezerros de corte, em condicoes tropicais
650 _aGado de Corte
650 _aMiiase
650 _aDoenca Animal
773 0 _tHora Veterinaria (Brazil)
_xISSN 0101-9163
_g(Nov-Dec 1994), v. 14(82) p. 22-24
_wBR9502141
909 _a202311
_bLúcia
_c55
_dLúcia Elande
942 _2AGRIS
_n0
_cANA
999 _c141317
_d141317